ბათუმის შოთა რუსთაველის სახელმწიფო უნივერსიტეტის ბიბლიოთეკა

მინდვრის კულტურათა სელექცია და მეთესლეობა (ბიბ.ჩანაწერი № 44692)

000 -LEADER
fixed length control field 00954nam a2200229Ia 4500
001 - CONTROL NUMBER
control field 11496
003 - CONTROL NUMBER IDENTIFIER
control field GE_BSU
008 - FIXED-LENGTH DATA ELEMENTS--GENERAL INFORMATION
fixed length control field 181216s||||||||xx |||||||||||||| ||und||
040 ## - CATALOGING SOURCE
Transcribing agency GE_BSU
080 ## - UNIVERSAL DECIMAL CLASSIFICATION NUMBER
Universal Decimal Classification number 633:631.527(076.5)+633:631.53.02(076.5)
100 ## - MAIN ENTRY--PERSONAL NAME
Personal name სიხარულიძე,მ.ა.
245 ## - TITLE STATEMENT
Title მინდვრის კულტურათა სელექცია და მეთესლეობა
245 ## - TITLE STATEMENT
Remainder of title სას.–სამ.ტექნიკუმებისათვის.
245 ## - TITLE STATEMENT
Statement of responsibility, etc. რედ:ბ.ა.იაკობაშვილი.
260 ## - PUBLICATION, DISTRIBUTION, ETC.
Place of publication, distribution, etc. თბილისი
260 ## - PUBLICATION, DISTRIBUTION, ETC.
Name of publisher, distributor, etc. ცოდნა
260 ## - PUBLICATION, DISTRIBUTION, ETC.
Date of publication, distribution, etc. 1961
300 ## - PHYSICAL DESCRIPTION
Extent 387გვ;22სმ.
300 ## - PHYSICAL DESCRIPTION
Other physical details ცხრ.
653 ## - INDEX TERM--UNCONTROLLED
Uncontrolled term მინდვრის კულტურათა სელექცია და მეთესლეობა.სას.–სამ.ტექნიკუმებისათვის.
942 ## - ADDED ENTRY ELEMENTS (KOHA)
Koha item type წიგნი
ეგზემპლარები
Withdrawn status Lost status Damaged status Not for loan Date acquired Barcode Date last seen Price effective from Koha item type
        2018-12-17 20193 2018-12-17 2018-12-17 წიგნი
        2018-12-17 20192 2018-12-17 2018-12-17 წიგნი
        2018-12-17 20191 2018-12-17 2018-12-17 წიგნი
        2018-12-17 20190 2018-12-17 2018-12-17 წიგნი
        2018-12-17 20189 2018-12-17 2018-12-17 წიგნი